<?xml version="1.0" encoding="UTF-8"?>
<collection xmlns="http://www.loc.gov/MARC21/slim">
 <record>
  <leader>02015nam a2200313 a 4500</leader>
  <controlfield tag="001">TVCDKTCT7996</controlfield>
  <controlfield tag="003">Thư viện trường Cao đẳng Kỹ thuật Cao Thắng</controlfield>
  <controlfield tag="005">20170529141000.6</controlfield>
  <controlfield tag="008">070730</controlfield>
  <datafield tag="980" ind1="\" ind2="\">
   <subfield code="a">Thư viện Trường CĐ Kỹ Thuật Cao Thắng</subfield>
  </datafield>
  <datafield tag="024" ind1=" " ind2=" ">
   <subfield code="a">RG_1 #1 eb0 i1 i5</subfield>
  </datafield>
  <datafield tag="041" ind1="0" ind2="#">
   <subfield code="a">vie</subfield>
  </datafield>
  <datafield tag="082" ind1="#" ind2="#">
   <subfield code="a">537 / </subfield>
   <subfield code="b">Đ400L-h</subfield>
  </datafield>
  <datafield tag="100" ind1="1" ind2="#">
   <subfield code="a">Hồ Văn Nhật Chương</subfield>
  </datafield>
  <datafield tag="245" ind1="0" ind2="0">
   <subfield code="a">Đo lường xung điện cao áp / </subfield>
   <subfield code="c">Hồ Văn Nhật Chương</subfield>
  </datafield>
  <datafield tag="250" ind1="#" ind2="#">
   <subfield code="a">In lần thứ 1</subfield>
  </datafield>
  <datafield tag="260" ind1="#" ind2="#">
   <subfield code="a">Tp.HCM : </subfield>
   <subfield code="b">Đại học Quốc Gia Tp Hồ Chí Minh , </subfield>
   <subfield code="c">2002</subfield>
  </datafield>
  <datafield tag="300" ind1="#" ind2="#">
   <subfield code="a">92tr. ; </subfield>
   <subfield code="c">24cm</subfield>
  </datafield>
  <datafield tag="520" ind1="#" ind2="#">
   <subfield code="a">1) Các nguồn tạo các dạng điện áp khác nhau (một chiều, xoay chiều, xung ngắn, xung dài...)</subfield>
  </datafield>
  <datafield tag="520" ind1="#" ind2="#">
   <subfield code="a">2) Các trang thiết bị cho phòng thí nghiệm điện áp cao, các trang thiết bị đo lường trực tiếp và gián tiếp điện áp và dòng điện cao</subfield>
  </datafield>
  <datafield tag="520" ind1="#" ind2="#">
   <subfield code="a">3) Các phương pháp đo lường, kiểm tra và thử nghiệm  cách điện của trang thiết bị điện cao thế</subfield>
  </datafield>
  <datafield tag="520" ind1="#" ind2="#">
   <subfield code="a">Các vấn đề cần phải nghiên cứu trong môn học Đo lườn điện áp cao bao gồm :</subfield>
  </datafield>
  <datafield tag="520" ind1="#" ind2="#">
   <subfield code="a">Việc ghi nhận tín hiệu càng gần với giá trị thực càng tốt nhưng việc làm này không phải lúc nào cũng thực hiện được. Do đó, tùy thuộc vào mục đích, yêu  cầu sử dụng mà phép đo được thực hiện với cấp độ chính xác cho trước</subfield>
  </datafield>
  <datafield tag="650" ind1="#" ind2="4">
   <subfield code="a">Điện áp--Đo lường</subfield>
  </datafield>
  <datafield tag="650" ind1="#" ind2="4">
   <subfield code="a">Xung điện áp cao</subfield>
  </datafield>
  <datafield tag="721" ind1="#" ind2="#">
   <subfield code="a">CNKT Điện</subfield>
  </datafield>
  <datafield tag="721" ind1="#" ind2="#">
   <subfield code="a">CNKT Điện tử</subfield>
  </datafield>
  <datafield tag="841" ind1="#" ind2="#">
   <subfield code="b">Kho Sách </subfield>
   <subfield code="j">100021387, 100021402, 100021409, 100021423, 100021428, 100021443</subfield>
  </datafield>
  <datafield tag="841" ind1="#" ind2="#">
   <subfield code="b">Kho Tra Cứu </subfield>
   <subfield code="j">500002740, 500002750, 500002780, 500002790</subfield>
  </datafield>
 </record>
</collection>
